| 000 | 00656nam a2200229Ia 4500 | ||
|---|---|---|---|
| 001 | 18357 | ||
| 003 | GE_BSU | ||
| 008 | 181216s||||||||xx |||||||||||||| ||und|| | ||
| 040 | _cGE_BSU | ||
| 080 | _a321 | ||
| 100 | _aმაკიაველი,ნიკოლო | ||
| 245 | _aმთავარი | ||
| 260 | _a? | ||
| 260 | _b? | ||
| 260 | _c? | ||
| 300 | _a212გვ. ; 19სმ | ||
| 541 | _h12ლ. | ||
| 653 | _aმთავარი | ||
| 653 | _aსახელმწიფო ხელისუფლება | ||
| 653 | _aსახელმწიფო; სახელმწიფო მმართველობა; | ||
| 942 | _cBK | ||
| 999 |
_c51374 _d51374 |
||